MARC

LEADER 00000nam0a2200000 4500
001 121442
005 20231101215658.0
010 |a 5280007587 
020 |a RU  |b 89-37574 
035 |a (RuTPU)RU\TPU\book\131520 
090 |a 121442 
100 |a 20070913d1989 m y0rusy5003 ca 
101 0 |a rus 
102 |a RU 
105 |a a z 000ay 
200 1 |a Избранные сочинения  |f Д. И. Фонвизин, А. С. Грибоедов, А. Н. Островский  |g сост. и вступ. ст. В. Н. Турбин; сост. разд. "Приложения" Ю. Б. Двинская 
210 |a Москва  |c Художественная литература  |d 1989 
215 |a 607,[1] с., [8] л. ил.  |d 21 см 
225 1 |a Библиотека учителя 
320 |a Библиогр. в примеч.: с. 544-606 
327 1 |a Содерж.: Недоросль / Д. И. Фонвизин. Горе от ума / А. С. Грибоедов. Доходное место; Гроза; Лес; Не все коту масленица; Бесприданница; Таланты и поклонники / А. Н. Островский 
600 1 |a Фонвизин  |g Денис Иванович  |b Д. И.  |c русский писатель  |f 1744/1745-1792  |2 stltpush  |3 (RuTPU)RU\TPU\pers\1650 
600 1 |a Грибоедов  |g Александр Сергеевич  |b А. С.  |f 1791-1829  |c русский писатель и дипломат  |2 stltpush  |3 (RuTPU)RU\TPU\pers\244 
600 1 |a Островский  |g Александр Николаевич  |b А. Н.  |c русский драматург  |c член-корреспондент Петербургской АН  |f 1823-1886  |2 stltpush  |3 (RuTPU)RU\TPU\pers\355 
610 1 |a русская литература 
610 1 |a комедии 
610 1 |a пьесы 
675 |a Р1  |z rus 
700 1 |a Фонвизин  |b Д. И.  |c русский писатель  |f 1744/1745-1792  |g Денис Иванович  |2 stltpush  |3 (RuTPU)RU\TPU\pers\1650  |9 696 
701 1 |a Грибоедов  |b А. С.  |c русский писатель и дипломат  |f 1791-1829  |g Александр Сергеевич  |2 stltpush  |3 (RuTPU)RU\TPU\pers\244  |9 124 
701 1 |a Островский  |b А. Н.  |c русский драматург  |c член-корреспондент Петербургской АН  |f 1823-1886  |g Александр Николаевич  |2 stltpush  |3 (RuTPU)RU\TPU\pers\355  |9 173 
702 1 |a Турбин  |b В. Н.  |4 220 
702 1 |a Двинская  |b Ю. Б.  |4 220 
801 0 |a RU  |b RuMRKP  |c 19950417  |g psbo 
801 1 |a RU  |b 63413507  |c 20070913  |g PSBO 
801 2 |a RU  |b 63413507  |c 20070913  |g PSBO 
942 |c BK